| 000 | 02088nam a22003135i 4500 | ||
|---|---|---|---|
| 003 | EG-ScBUE | ||
| 005 | 20260510123950.0 | ||
| 008 | 160228s2016 ua a f be 000 0 ara d | ||
| 017 | _a2015 / 23585 | ||
| 020 | _a9789773506957 | ||
| 040 |
_aEG-ScBUE _bara _erda _cEG-ScBUE _dEG-ScBUE |
||
| 082 | 0 | 4 |
_a553.03 _bس ل ي _222 |
| 100 | 1 |
_aسليمان، مصطفى محمود، _eمؤلف. |
|
| 245 | 1 | 0 |
_aموسوعة الجيولوجيا الاقتصادية وانعكاساتها البيئية / _cأ. د. مصطفى محمود سليمان، أستاذ الجيولوجيا بكلية العلوم - جامعة الزقازيق وكلية الهندسة - قسم هندسة البترول وتكنولوجيا الغاز بالجامعة البريطانية في مصر، حائز على جائزة الدولة في العلوم ووسام العلوم والفنون من الطبقة الأولى، عضو الموسوعة القومية للشخصيات المصرية البارزة. |
| 250 | _aالطبعة الأولى. | ||
| 264 | 1 |
_aالقاهرة : _bدار الكتاب الحديث، _c2016. |
|
| 300 |
_aمجلدات : _bإيضاحيات ؛ _c24 سم |
||
| 336 |
_2rdacontent _aنص _btxt |
||
| 337 |
_2rdamedia _aبدون وسيط _bn |
||
| 338 |
_2rdacarrier _aمجلد _bnc |
||
| 504 | _aيشتمل على إرجاعات ببليوجرافية. | ||
| 505 | 0 | _aالمجلد الأول. الثروة المعدنية ودورها في التقدم الصناعي : دراسة جيولوجية -- المجلد الثاني. المعادن : توزيع الخامات والرواسب المعدنية في القشرة الأرضية -- المجلد الثالث. العناصر الأرضية النادرة واستخداماتها في التكنولوجيا المتقدمة. | |
| 541 |
_cإهداء ؛ _aأ. فريدة خميس. |
||
| 650 | 7 |
_aالجيولوجيا _vموسوعات. _2BUEsh |
|
| 650 | 7 |
_aالجيولوجيا البيئية _vموسوعات. _2BUEsh |
|
| 653 |
_bENGGEN _cFebruary2016 _cDecember2017 |
||
| 655 | _vReading book | ||
| 942 | _2ddc | ||
| 999 |
_c21271 _d21243 |
||